书目信息 |
| 题名: |
散文鉴赏入门
|
|
| 作者: | 魏饴 著 | |
| 分册: | ||
| 出版信息: | 大连 辽宁师范大学出版社 1998.06 |
|
| 页数: | 171页 | |
| 开本: | 32开 | |
| 丛书名: | ||
| 单 册: | ||
| 中图分类: | I207.6 | |
| 科图分类: | ||
| 主题词: | 文学--中国 | |
| 电子资源: | ||
| ISBN: | 7-81042-286-3 | |
| 000 | 00534nam0 2200193 45 | |
| 001 | 0010022115 | |
| 005 | 20001002211318.3 | |
| 010 | @a7-81042-286-3@d9.50元 | |
| 100 | @a20001002d1998 km y0chiy0120 ea | |
| 101 | 0 | @achi |
| 105 | @a z 000yy@ASan Wen Jian Shang Ru Men | |
| 200 | 1 | @a散文鉴赏入门@f魏饴著@FWei Yi Zhu |
| 210 | @a大连@c辽宁师范大学出版社@d1998.06 | |
| 215 | @a171页@d32开 | |
| 606 | 0 | @a文学@x中国 |
| 690 | @aI207.6@v3 | |
| 701 | 0 | @a魏饴@4著 |
| 801 | @aCN@bPftUser@c20001002 | |
| 905 | @b412336-340@dI207.6@eW.336@f5 | |
| 散文鉴赏入门/魏饴著.-大连:辽宁师范大学出版社,1998.06 |
| 171页;32开 |
| ISBN 7-81042-286-3:9.50元 |
| ● |
| 相关链接 |
|
|
|
正题名:散文鉴赏入门
索取号:I207.6/W.336
 
预约/预借
| 序号 | 登录号 | 条形码 | 馆藏地/架位号 | 状态 | 备注 |
| 1 | 412336 | 204123368 | 社科二线400B/400B社科库 11排3列6层/ [索取号:I207.6/W.336] | 在馆 | |
| 2 | 412337 | 204123377 | 文学库108/108文学库 10排4列3层/ [索取号:I207.6/W.336] | 在馆 | |
| 3 | 412338 | 204123386 | 社科二线400B/400B社科库 11排3列6层/ [索取号:I207.6/W.336] | 在馆 | |
| 4 | 412339 | 204123395 | 文学库108/108文学库 10排4列3层/ [索取号:I207.6/W.336] | 在馆 | |
| 5 | 412340 | 204123402 | 文学库108/108文学库 10排4列3层/ [索取号:I207.6/W.336] | 在馆 |